Films avec des méchants clowns - Statistiques

Statistiques générales
  • Ce quiz a été pris 51 fois
  • Le résultat moyen est 8 sur 20
Statistiques - réponses
Par images Hint Réponse % Correct
1990 CA / IT
98%
2019 Joker
90%
2017 Ça
88%
2019 Ça : Chapitre 2
88%
2016 Terrifier
73%
2008 The Dark Knight : Le Chevalier noir
65%
2022 Terrifier 2
48%
2014 Clown
42%
1978 Halloween : La Nuit des masques
42%
1982 Poltergeist
27%
2003 La Maison des 1000 morts
21%
2003 Gacy
17%
2013 All Hallows’ Eve
15%
2012 Stitches / Dark Clown
15%
2008 Amusement
6%
1989 Clownhouse
6%
2012 La Cabane dans les bois
6%
2007 100 Tears
4%
2007 Burger Kill
4%
2019 Wrinkles the Clown
4%
Aucun quiz correspondant
Distribution des résultats
% des personnes avec chaque résultat
Percentile par nombre de réponses
Votre historique - résultats
Vous n’avez pas pris ce quiz